000 00423nam a2200181Ia 4500
005 20240823061611.0
008 240823s9999||||xx |||||||||||||| ||und||
041 _aENGLISH
082 _A801.95 Q1
100 _a"Rapaport,Herman"
245 4 _aThe Literary Theory Toolkit
250 _a1st
260 _c2011
_bWiley-Blac
500 _aYES
650 _aLiterary Creations
_bEnglish
942 _cBK
999 _c233908
_d233908